00444nam a22001457a 4500008004100000040005500041080002200096245004100118260005200159300001500211650002000226653002200246942001300268999001700281221103b |||||||| |||| 00| 0 eng d aNational Science LibrarycNational Science Library aR 017.2:651.5bL6 aNational register of private records aNew Delhi: bNational Archives of India, c1976 aiii, 183p. aPrivate records aNational register 2udccREF c27671d27671